| 000 | 00812nas a2200277 4500 | ||
|---|---|---|---|
| 001 | BR9213848 | ||
| 003 | BR-BrBNA | ||
| 005 | 20231205095131.0 | ||
| 007 | ta | ||
| 008 | 230509b bl.|||p| |||| 00| 00por d | ||
| 040 |
_aBR-BrBNA _bpor _cBiblioteca Nacional de Agricultura |
||
| 041 | _a(Pt) | ||
| 072 | _aF03 | ||
| 100 | 1 | _aBianchine, D. | |
| 100 | 1 | _aMecelis, N.R. | |
| 100 | 1 | _aWerner, J.C. | |
| 245 | 1 | _aEpoca de colheita e adubacao nitrogenada na producao de sementes de capim-ramirez | |
| 650 | _aCapim Ramirez | ||
| 650 | _aSemente | ||
| 650 | _aAdubacao | ||
| 650 | _aNitrogenio | ||
| 650 | _aColheita | ||
| 773 | 0 |
_tBoletim de Industria Animal (Brazil) _xISSN 0067-9615 _g(Jul-Dec 1987), v. 44(2) p. 349-358 _wBR9213848 |
|
| 909 |
_a202311 _bLúcia _c55 _dLúcia Elande |
||
| 942 |
_2AGRIS _n0 _cANA |
||
| 999 |
_c148847 _d148847 |
||